| 000 | 00720cam a22002413a 4500 | ||
|---|---|---|---|
| 001 | 8422 | ||
| 003 | PGUSA | ||
| 005 | 20140828083156.0 | ||
| 008 | 050701s2005||||xxu|||||s|||||000 | eng d | ||
| 040 |
_aPGUSA _beng |
||
| 042 | _adc | ||
| 050 | 4 | _aPN | |
| 100 | 1 |
_aVaknin, Samuel, _d1961- |
|
| 245 | 1 | 0 |
_aMoral Deliberations in Modern Cinema _h[electronic resource] / _cSamuel Vaknin |
| 260 |
_bProject Gutenberg, _c2005 |
||
| 506 | _aCopyrighted. Read the copyright notice inside this book for details. | ||
| 516 | _aElectronic text | ||
| 653 | _aMotion pictures -- Reviews | ||
| 700 | 1 | _aRangelovska, Lidija | |
| 830 | 0 |
_aProject Gutenberg _v8422 |
|
| 856 | 4 | 0 | _uhttp://www.gutenberg.org/ebooks/8422 |
| 942 | _cEB | ||
| 999 |
_c237722 _d237722 |
||